000 00332 a2200145 4500
001 152367
040 _cEscola São Tomás de Aquino
100 _aLA FONTAINE
240 1 0 _aHistórias sobre ética
_lpor
245 1 0 _aHistórias sobre ética
300 _a136
440 1 _aÁtica
697 _a*LITERATURA JUVENIL
942 _cBK
999 _c152367
_d152367